[Event "Bad Woerishofen op 28th"]
[Site "Bad Woerishofen"]
[Date "2012.03.05"]
[Round "4"]
[White "Steinhart, Matthias"]
[Black "Lampert, Joshua"]
[Result "1/2-1/2"]
[WhiteElo "1780"]
[BlackElo "1563"]
[PlyCount "62"]
[EventDate "2012.03.02"]
[EventType "swiss"]
[EventRounds "9"]
[EventCountry "GER"]
[SourceTitle "EXT 2019"]
[Source "ChessBase"]
[SourceDate "2018.10.10"]
[SourceVersion "1"]
[SourceVersionDate "2018.10.10"]
[SourceQuality "1"]

1. e4 e5 2. Nf3 Nc6 3. Bb5 a6 4. Ba4 Nf6 5. d4 exd4 6. 0-0 Be7 7. e5 Nd5 8. c3 b5 9. Bb3 Nb6 10. cxd4 0-0 11. d5 Na5 12. d6 cxd6 13. exd6 Bf6 14. Bc2 Nac4 15. Nc3 b4 16. Nd5 Nxb2 17. Bxb2 Bxb2 18. Rb1 Bf6 19. Rxb4 Nxd5 20. Qxd5 a5 21. Qxa8 axb4 22. Qe4 g6 23. Qxb4 Ba6 24. Rb1 Re8 25. Qb6 Qc8 26. Qc7 Kg7 27. Ba4 Rd8 28. Qxc8 Rxc8 29. Bxd7 Rd8 30. Bb5 Bxb5 31. Rxb5 Rxd6 1/2-1/2

[Event "Bad Woerishofen op 28th"]
[Site "Bad Woerishofen"]
[Date "2012.03.04"]
[Round "3"]
[White "Malzer, Werner"]
[Black "Lampert, Joshua"]
[Result "1-0"]
[WhiteElo "1933"]
[BlackElo "1563"]
[PlyCount "81"]
[EventDate "2012.03.02"]
[EventType "swiss"]
[EventRounds "9"]
[EventCountry "GER"]
[SourceTitle "EXT 2019"]
[Source "ChessBase"]
[SourceDate "2018.10.10"]
[SourceVersion "1"]
[SourceVersionDate "2018.10.10"]
[SourceQuality "1"]

1. e4 e5 2. Nf3 Nc6 3. Bc4 Bc5 4. Nc3 Nf6 5. d3 0-0 6. a3 d6 7. h3 h6 8. b4 Bb6 9. Na4 Be6 10. Nxb6 axb6 11. Bxe6 fxe6 12. Bb2 Qe8 13. 0-0 Nh5 14. Nh2 Nf4 15. Bc1 Qg6 16. Bxf4 Rxf4 17. c3 Raf8 18. Ra2 d5 19. f3 Qg5 20. Qe1 Ne7 21. Re2 Ng6 22. Kh1 R4f6 23. Ng4 R6f7 24. exd5 exd5 25. Nxe5 Rf5 26. Nxg6 Qxg6 27. Re6 Qg5 28. d4 Ra8 29. Re8+ Rf8 30. Qe6+ Kh7 31. Rxf8 Rxf8 32. Qe2 Rf6 33. Re1 Rc6 34. Qc2+ Kg8 35. Re5 Qg3 36. Qd2 Rd6 37. Re7 Rg6 38. Qe2 Rc6 39. Re8+ Kh7 40. Qe3 Kg6 41. Rf8 1-0

[Event "GER-chT U12"]
[Site "Arendsee"]
[Date "2009.12.29"]
[Round "6.4"]
[White "Paschold, Gerry"]
[Black "Lampert, Joshua"]
[Result "0-1"]
[WhiteElo "1358"]
[BlackElo "1101"]
[PlyCount "108"]
[EventDate "2009.12.27"]
[EventType "team-swiss"]
[EventRounds "7"]
[EventCountry "GER"]
[SourceTitle "EXT 2022"]
[Source "ChessBase"]
[SourceDate "2021.10.06"]
[SourceVersion "1"]
[SourceVersionDate "2021.10.06"]
[SourceQuality "1"]
[WhiteTeam "Leipzig BSG Chemie U12"]
[BlackTeam "Hamburger SK U12"]
[WhiteTeamCountry "GER"]
[BlackTeamCountry "GER"]

1. e4 e5 2. Nf3 Nc6 3. d4 exd4 4. Bc4 Bc5 5. c3 dxc3 6. Bxf7+ Kxf7 7. Qd5+ Ke8 8. Qh5+ Kf8 9. Qxc5+ d6 10. Qxc3 Qf6 11. Qc2 Bg4 12. Bg5 Qg6 13. Qd3 Nf6 14. Nbd2 Bxf3 15. Nxf3 Qxe4+ 16. Qxe4 Nxe4 17. Bf4 Re8 18. 0-0 Kf7 19. Rac1 Re7 20. Rce1 Rhe8 21. Ng5+ Nxg5 22. Rxe7+ Rxe7 23. Bxg5 Re2 24. Bc1 Nb4 25. Rd1 Nxa2 26. Bd2 Re4 27. Ra1 Ra4 28. b4 Ra3 29. Kf1 Ke6 30. Ke1 Nxb4 31. Rxa3 Nc2+ 32. Ke2 Nxa3 33. f4 c5 34. g4 b5 35. Kd3 Nc4 36. Bc3 g6 37. h4 a5 38. Ba1 d5 39. Kc3 b4+ 40. Kb3 h5 41. gxh5 gxh5 42. Be5 Nxe5 43. fxe5 Kxe5 44. Kc2 a4 45. Kb2 d4 46. Kc2 a3 47. Kb1 d3 48. Ka1 d2 49. Ka2 Ke4 50. Kb3 d1Q+ 51. Kc4 a2 52. Kb5 a1Q 53. Kc6 Qa6+ 54. Kc7 Qdd6# 0-1